| 000 | 00000nim 2200000zi 4500 |
| 001 | 9.878575 |
| 003 | CaOODSP |
| 005 | 20221107165258 |
| 006 | m go h f |
| 007 | cr nna|||a|||| |
| 008 | 190827s2011 oncnnnn o||||||nn n fre d |
| 040 | |aCaOODSP|bfre|erda|cCaOODSP |
| 043 | |an-cn--- |
| 086 | 1 |aSC103-29/8-2011-3F-MP3 |
| 245 | 00|a[Courts messages téléphoniques]. |
| 264 | 1|a[Ottawa] : |b[École de la fonction publique du Canada], |c[2011] |
| 300 | |a1 ressource en ligne (53 audios en streaming) |
| 336 | |aparole énoncée|bspw|2rdacontent/fre |
| 337 | |ainformatique|bc|2rdamedia/fre |
| 338 | |aressource en ligne|bcr|2rdacarrier/fre |
| 500 | |aTitre fourni par l'éditeur. |
| 538 | |aMode d'accès : World Wide Web. |
| 580 | |aPublication d'accompagnement à: Préparation à l'évaluation du français langue second. Compétence orale - niveaux B et C. |
| 655 | 7|aEnregistrements sonores|2rvmgf |
| 692 | 07|2gccst|aÉvaluation de la langue seconde |
| 692 | 07|2gccst|aFrançais langue seconde |
| 692 | 07|2gccst|aEnregistrement sonore |
| 710 | 2 |aÉcole de la fonction publique du Canada. |
| 856 | 40|qMP3|s299 Ko|uhttps://publications.gc.ca/collections/collection_2019/efpc-csps/SC103-29-8-2011-3/SC103-29-8-2011-3-1-fra.mp3|zNo. 1 |
| 856 | 40|qMP3|s372 Ko|uhttps://publications.gc.ca/collections/collection_2019/efpc-csps/SC103-29-8-2011-3/SC103-29-8-2011-3-2-fra.mp3|zNo. 2 |
| 856 | 40|qMP3|s395 Ko|uhttps://publications.gc.ca/collections/collection_2019/efpc-csps/SC103-29-8-2011-3/SC103-29-8-2011-3-3-fra.mp3|zNo. 3 |
| 856 | 40|qMP3|s397 Ko|uhttps://publications.gc.ca/collections/collection_2019/efpc-csps/SC103-29-8-2011-3/SC103-29-8-2011-3-4-fra.mp3|zNo. 4 |
| 856 | 40|qMP3|s407 Ko|uhttps://publications.gc.ca/collections/collection_2019/efpc-csps/SC103-29-8-2011-3/SC103-29-8-2011-3-5-fra.mp3|zNo. 5 |
| 856 | 40|qMP3|s439 Ko|uhttps://publications.gc.ca/collections/collection_2019/efpc-csps/SC103-29-8-2011-3/SC103-29-8-2011-3-6-fra.mp3|zNo. 6 |
| 856 | 40|qMP3|s450 Ko|uhttps://publications.gc.ca/collections/collection_2019/efpc-csps/SC103-29-8-2011-3/SC103-29-8-2011-3-7-fra.mp3|zNo. 7 |
| 856 | 40|qMP3|s442 Ko|uhttps://publications.gc.ca/collections/collection_2019/efpc-csps/SC103-29-8-2011-3/SC103-29-8-2011-3-8-fra.mp3|zNo. 8 |
| 856 | 40|qMP3|s449 Ko|uhttps://publications.gc.ca/collections/collection_2019/efpc-csps/SC103-29-8-2011-3/SC103-29-8-2011-3-9-fra.mp3|zNo. 9 |
| 856 | 40|qMP3|s500 Ko|uhttps://publications.gc.ca/collections/collection_2019/efpc-csps/SC103-29-8-2011-3/SC103-29-8-2011-3-10-fra.mp3|zNo. 10 |
| 856 | 40|qMP3|s498 Ko|uhttps://publications.gc.ca/collections/collection_2019/efpc-csps/SC103-29-8-2011-3/SC103-29-8-2011-3-11-fra.mp3|zNo. 11 |
| 856 | 40|qMP3|s518 Ko|uhttps://publications.gc.ca/collections/collection_2019/efpc-csps/SC103-29-8-2011-3/SC103-29-8-2011-3-12-fra.mp3|zNo. 12 |
| 856 | 40|qMP3|s552 Ko|uhttps://publications.gc.ca/collections/collection_2019/efpc-csps/SC103-29-8-2011-3/SC103-29-8-2011-3-13-fra.mp3|zNo. 13 |
| 856 | 40|qMP3|s528 Ko|uhttps://publications.gc.ca/collections/collection_2019/efpc-csps/SC103-29-8-2011-3/SC103-29-8-2011-3-14-fra.mp3|zNo. 14 |
| 856 | 40|qMP3|s573 Ko|uhttps://publications.gc.ca/collections/collection_2019/efpc-csps/SC103-29-8-2011-3/SC103-29-8-2011-3-15-fra.mp3|zNo. 15 |
| 856 | 40|qMP3|s547 Ko|uhttps://publications.gc.ca/collections/collection_2019/efpc-csps/SC103-29-8-2011-3/SC103-29-8-2011-3-16-fra.mp3|zNo. 16 |
| 856 | 40|qMP3|s550 Ko|uhttps://publications.gc.ca/collections/collection_2019/efpc-csps/SC103-29-8-2011-3/SC103-29-8-2011-3-17-fra.mp3|zNo. 17 |
| 856 | 40|qMP3|s555 Ko|uhttps://publications.gc.ca/collections/collection_2019/efpc-csps/SC103-29-8-2011-3/SC103-29-8-2011-3-18-fra.mp3|zNo. 18 |
| 856 | 40|qMP3|s533 Ko|uhttps://publications.gc.ca/collections/collection_2019/efpc-csps/SC103-29-8-2011-3/SC103-29-8-2011-3-19-fra.mp3|zNo. 19 |
| 856 | 40|qMP3|s598 Ko|uhttps://publications.gc.ca/collections/collection_2019/efpc-csps/SC103-29-8-2011-3/SC103-29-8-2011-3-20-fra.mp3|zNo. 20 |
| 856 | 40|qMP3|s581 Ko|uhttps://publications.gc.ca/collections/collection_2019/efpc-csps/SC103-29-8-2011-3/SC103-29-8-2011-3-21-fra.mp3|zNo. 21 |
| 856 | 40|qMP3|s628 Ko|uhttps://publications.gc.ca/collections/collection_2019/efpc-csps/SC103-29-8-2011-3/SC103-29-8-2011-3-22-fra.mp3|zNo. 22 |
| 856 | 40|qMP3|s609 Ko|uhttps://publications.gc.ca/collections/collection_2019/efpc-csps/SC103-29-8-2011-3/SC103-29-8-2011-3-23-fra.mp3|zNo. 23 |
| 856 | 40|qMP3|s648 Ko|uhttps://publications.gc.ca/collections/collection_2019/efpc-csps/SC103-29-8-2011-3/SC103-29-8-2011-3-24-fra.mp3|zNo. 24 |
| 856 | 40|qMP3|s638 Ko|uhttps://publications.gc.ca/collections/collection_2019/efpc-csps/SC103-29-8-2011-3/SC103-29-8-2011-3-25-fra.mp3|zNo. 25 |
| 856 | 40|qMP3|s644 Ko|uhttps://publications.gc.ca/collections/collection_2019/efpc-csps/SC103-29-8-2011-3/SC103-29-8-2011-3-26-fra.mp3|zNo. 26 |
| 856 | 40|qMP3|s642 Ko|uhttps://publications.gc.ca/collections/collection_2019/efpc-csps/SC103-29-8-2011-3/SC103-29-8-2011-3-27-fra.mp3|zNo. 27 |
| 856 | 40|qMP3|s648 Ko|uhttps://publications.gc.ca/collections/collection_2019/efpc-csps/SC103-29-8-2011-3/SC103-29-8-2011-3-28-fra.mp3|zNo. 28 |
| 856 | 40|qMP3|s671 Ko|uhttps://publications.gc.ca/collections/collection_2019/efpc-csps/SC103-29-8-2011-3/SC103-29-8-2011-3-29-fra.mp3|zNo. 29 |
| 856 | 40|qMP3|s705 Ko|uhttps://publications.gc.ca/collections/collection_2019/efpc-csps/SC103-29-8-2011-3/SC103-29-8-2011-3-30-fra.mp3|zNo. 30 |
| 856 | 40|qMP3|s678 Ko|uhttps://publications.gc.ca/collections/collection_2019/efpc-csps/SC103-29-8-2011-3/SC103-29-8-2011-3-31-fra.mp3|zNo. 31 |
| 856 | 40|qMP3|s710 Ko|uhttps://publications.gc.ca/collections/collection_2019/efpc-csps/SC103-29-8-2011-3/SC103-29-8-2011-3-32-fra.mp3|zNo. 32 |
| 856 | 40|qMP3|s686 Ko|uhttps://publications.gc.ca/collections/collection_2019/efpc-csps/SC103-29-8-2011-3/SC103-29-8-2011-3-33-fra.mp3|zNo. 33 |
| 856 | 40|qMP3|s651 Ko|uhttps://publications.gc.ca/collections/collection_2019/efpc-csps/SC103-29-8-2011-3/SC103-29-8-2011-3-34-fra.mp3|zNo. 34 |
| 856 | 40|qMP3|s704 Ko|uhttps://publications.gc.ca/collections/collection_2019/efpc-csps/SC103-29-8-2011-3/SC103-29-8-2011-3-35-fra.mp3|zNo. 35 |
| 856 | 40|qMP3|s717 Ko|uhttps://publications.gc.ca/collections/collection_2019/efpc-csps/SC103-29-8-2011-3/SC103-29-8-2011-3-36-fra.mp3|zNo. 36 |
| 856 | 40|qMP3|s702 Ko|uhttps://publications.gc.ca/collections/collection_2019/efpc-csps/SC103-29-8-2011-3/SC103-29-8-2011-3-37-fra.mp3|zNo. 37 |
| 856 | 40|qMP3|s730 Ko|uhttps://publications.gc.ca/collections/collection_2019/efpc-csps/SC103-29-8-2011-3/SC103-29-8-2011-3-38-fra.mp3|zNo. 38 |
| 856 | 40|qMP3|s731 Ko|uhttps://publications.gc.ca/collections/collection_2019/efpc-csps/SC103-29-8-2011-3/SC103-29-8-2011-3-39-fra.mp3|zNo. 39 |
| 856 | 40|qMP3|s729 Ko|uhttps://publications.gc.ca/collections/collection_2019/efpc-csps/SC103-29-8-2011-3/SC103-29-8-2011-3-40-fra.mp3|zNo. 40 |
| 856 | 40|qMP3|s736 Ko|uhttps://publications.gc.ca/collections/collection_2019/efpc-csps/SC103-29-8-2011-3/SC103-29-8-2011-3-41-fra.mp3|zNo. 41 |
| 856 | 40|qMP3|s674 Ko|uhttps://publications.gc.ca/collections/collection_2019/efpc-csps/SC103-29-8-2011-3/SC103-29-8-2011-3-42-fra.mp3|zNo. 42 |
| 856 | 40|qMP3|s754 Ko|uhttps://publications.gc.ca/collections/collection_2019/efpc-csps/SC103-29-8-2011-3/SC103-29-8-2011-3-43-fra.mp3|zNo. 43 |
| 856 | 40|qMP3|s787 Ko|uhttps://publications.gc.ca/collections/collection_2019/efpc-csps/SC103-29-8-2011-3/SC103-29-8-2011-3-44-fra.mp3|zNo. 44 |
| 856 | 40|qMP3|s754 Ko|uhttps://publications.gc.ca/collections/collection_2019/efpc-csps/SC103-29-8-2011-3/SC103-29-8-2011-3-45-fra.mp3|zNo. 45 |
| 856 | 40|qMP3|s817 Ko|uhttps://publications.gc.ca/collections/collection_2019/efpc-csps/SC103-29-8-2011-3/SC103-29-8-2011-3-46-fra.mp3|zNo. 46 |
| 856 | 40|qMP3|s800 Ko|uhttps://publications.gc.ca/collections/collection_2019/efpc-csps/SC103-29-8-2011-3/SC103-29-8-2011-3-47-fra.mp3|zNo. 47 |
| 856 | 40|qMP3|s969 Ko|uhttps://publications.gc.ca/collections/collection_2019/efpc-csps/SC103-29-8-2011-3/SC103-29-8-2011-3-48-fra.mp3|zNo. 48 |
| 856 | 40|qMP3|s895 Ko|uhttps://publications.gc.ca/collections/collection_2019/efpc-csps/SC103-29-8-2011-3/SC103-29-8-2011-3-49-fra.mp3|zNo. 49 |
| 856 | 40|qMP3|s1.03 Mo|uhttps://publications.gc.ca/collections/collection_2019/efpc-csps/SC103-29-8-2011-3/SC103-29-8-2011-3-50-fra.mp3|zNo. 50 |
| 856 | 40|qMP3|s1.02 Mo|uhttps://publications.gc.ca/collections/collection_2019/efpc-csps/SC103-29-8-2011-3/SC103-29-8-2011-3-51-fra.mp3|zNo. 51 |
| 856 | 40|qMP3|s1.12 Mo|uhttps://publications.gc.ca/collections/collection_2019/efpc-csps/SC103-29-8-2011-3/SC103-29-8-2011-3-52-fra.mp3|zNo. 52 |
| 856 | 40|qMP3|s1.13 Mo|uhttps://publications.gc.ca/collections/collection_2019/efpc-csps/SC103-29-8-2011-3/SC103-29-8-2011-3-53-fra.mp3|zNo. 53 |